| 000 | 00445nam a2200181Ia 4500 | ||
|---|---|---|---|
| 001 | 18325 | ||
| 005 | 20260306171622.0 | ||
| 008 | 260306s9999||||xx |||||||||||||| ||und|| | ||
| 041 | _aESP | ||
| 082 |
_a658.403 _bL49 |
||
| 100 |
_aLerma Kirchner, Alejandro _eAUT |
||
| 245 | 0 |
_aInteligencia comercial: _bguía práctica |
|
| 260 | _c1997 | ||
| 300 |
_a119 páginas : _c23 cm. |
||
| 650 | _aGEN | ||
| 654 | _aCAN | ||
| 942 |
_cLIB _dJUS _fJUS _2ddc _n |
||
| 999 |
_c18325 _d18325 |
||